| 000 | 00938nam a22002417a 4500 | ||
|---|---|---|---|
| 010 | _aB-028548 | ||
| 020 | _c150.00 | ||
| 035 | _aB-028548 | ||
| 037 | _aCen Lib/Ret | ||
| 040 |
_aDPL _bPA |
||
| 082 |
_aਓ _bਨਾਨਕ |
||
| 100 |
_aਨਾਨਕ ਸਿੰਘ _9131864 |
||
| 245 |
_aਅੱਗ ਦੀ ਖੇਡ : _cਨਾਨਕ ਸਿੰਘ _b ਨਾਵਲ / |
||
| 246 |
_aAgg di khed : novel / _bby Nanak Singh |
||
| 260 |
_aਅੰਮ੍ਰਿਤਸਰ _bਨਾਨਕ ਸਿੰਘ ਪੁਸਤਕ ਵਾਲਾ _c2000 |
||
| 270 |
_bਅੰਮ੍ਰਿਤਸਰ _a5-ਸਿਟੀ ਸੇੰਟਰ, ਨਜ਼ਦੀਕ ਗੁਰੂ ਨਾਨਕ ਭਵਨ |
||
| 300 |
_a208p ; _b24cm(Hb) |
||
| 650 |
_aਸਾਹਿਤ --ਪੰਜਾਬੀ _9131865 |
||
| 650 |
_aਪੰਜਾਬੀ -- ਨਾਵਲ _9131866 |
||
| 650 |
_aliterature--Punjabi _9131867 |
||
| 650 |
_aPunjabi-- noval _9115816 |
||
| 942 |
_2ddc _cPN _hਓ _mਨਾਨਕ |
||
| 999 |
_c110830 _d110830 |
||